Statistics for Most Common Female Names beginning with C in the USA

Click here to take the quiz!

General Stats

  • This quiz has been taken 1,671 times
  • The average score is 31 of 84

Answer Stats

HintAnswer% Correct
1Carol
82%
41Chris
82%
5Catherine
81%
57Christi
80%
22Caroline
73%
13Charlotte
73%
7Christina
72%
4Christine
70%
15Cathy
67%
11Cindy
63%
27Cora
63%
46Candy
62%
40Cara
59%
45Cassie
59%
14Clara
59%
16Carla
58%
26Claire
58%
12Carrie
57%
24Cassandra
57%
2Cynthia
53%
9Connie
52%
10Carmen
50%
49Carolina
49%
58Callie
47%
74Carly
46%
3Carolyn
44%
6Cheryl
44%
28Cecilia
43%
8Crystal
42%
37Camille
41%
30Candice
41%
65Clare
41%
31Celia
40%
79Cherry
40%
61Clarissa
40%
36Casey
38%
32Chelsea
38%
29Candace
37%
17Charlene
37%
21Courtney
37%
19Constance
36%
43Caitlin
35%
23Christy
35%
50Cleo
35%
20Claudia
34%
18Colleen
31%
38Cheri
30%
44Christa
30%
33Christie
29%
42Corinne
29%
34Cristina
29%
53Charity
27%
54Clarice
27%
56Cathleen
26%
39Celeste
26%
25Carole
25%
84Celina
23%
75Christian
23%
71Colette
22%
68Charmaine
20%
76Corina
20%
80Cathryn
19%
78Coleen
19%
77Carey
18%
82Carissa
18%
35Cecelia
18%
51Cecile
18%
48Cherie
17%
55Claudette
17%
69Corine
17%
59Cornelia
17%
52Carmela
16%
64Chandra
16%
67Carlene
15%
66Carmella
15%
72Claudine
15%
62Corrine
15%
60Catalina
14%
73Chasity
13%
70Chrystal
13%
81Casandra
11%
63Concepcion
6%
83Concetta
6%
47Consuelo
6%

Score Distribution

Percentile by Number Answered

Percent of People with Each Score

Your Score History

You have not taken this quiz